Odgadnij kraj z podpowiedzią - edycja piłkarska #1 - Statystyki

Ogólne statystyki
  • Ten quiz został rozwiązany 43 razy
  • Średni wynik to 6 z 10
Statystyki odpowiedzi
Podpowiedź Kraj % Poprawnych
W klubie z tego kraju Wojciech Szczęsny grał w latach 2009-2017 Anglia (Wielka Brytania)
97%
Klub z tego kraju zdobył Ligę Mistrzów w sezonie 2003/04 Portugalia
92%
Ten kraj w 2026 roku będzie jako pierwszy gościć trzeci raz Mistrzostwa Świata Meksyk
89%
Mistrzostwo tego kraju zdobył Shamrock Rovers w 2023 roku Irlandia
75%
Reprezentacja tego kraju była w grupie na MŚ w 2014 razem z Włochami, Urugwajem i Anglią Kostaryka
58%
Ten kraj zdobył złoty medal na Igrzyskach Olimpijskich w 2020 roku Brazylia
56%
Z reprezentacją tego kraju Anglia wygrała na MŚ w 2022 roku 6:2 Iran
56%
Piłkarz z tego kraju zdobył Złotą Piłkę w 2003 roku Czechy
47%
Reprezentacja tego kraju jest obecnie w rankingu FIFA o jedną pozycję wyżej od Polski Algieria
6%
W tym kraju znajduje się stadion Lotto Park Belgia
6%
Nie znaleziono quizów pasujących do podanych kryteriów
Rozkład punktacji
Procent ludzi z każdym wynikiem
Percentyl według liczby udzielonych odpowiedzi
Twoja historia wyników
Nie rozwiązałeś tego quizu